[Event "World Senior chT-65 2019"]
[Site "Rhodes"]
[Date "2019.04.23"]
[Round "8.20"]
[White "Svensson, Soren"]
[Black "Blechzin, Igor"]
[Result "1-0"]
[WhiteElo "1964"]
[BlackElo "2210"]
[Annotator "ChessBase"]
[PlyCount "100"]
[EventDate "2019.04.16"]
[EventType "team-tourn"]
[EventCountry "GRE"]
[SourceTitle "playchess.com"]
[Source "ChessBase"]
[SourceQuality "1"]
[WhiteTeam "Sweden"]
[BlackTeam "Russia"]
[WhiteTeamCountry "SWE"]
[BlackTeamCountry "RUS"]
[TimeControl "40/5400+30:1800+30"]

1. d4 {[%emt 0:00:00]} Nf6 {[%emt 0:00:00]} 2. c4 {[%emt 0:00:01]} g6 {[%emt 0:00:00]} 3. Nc3 {[%emt 0:00:19]} Bg7 {[%emt 0:00:00]} 4. e4 {[%emt 0:00:14]} d6 {[%emt 0:00:02]} 5. Be2 {[%emt 0:00:17]} O-O {[%emt 0:00:17]} 6. Bg5 {[%emt 0:00:31]} Nbd7 {[%emt 0:00:37]} 7. Qd2 {[%emt 0:00:32]} c6 {[%emt 0:02:56]} 8. Nf3 {[%emt 0:04:30]} e5 {[%emt 0:00:48]} 9. O-O {[%emt 0:01:41]} Re8 {[%emt 0:05:12]} 10. Rfd1 {[%emt 0:05:30]} Qc7 {[%emt 0:06:30]} 11. d5 {[%emt 0:05:49]} cxd5 {[%emt 0:01:54]} 12. cxd5 {[%emt 0:05:14]} Nc5 {[%emt 0:01:51]} 13. Rac1 {[%emt 0:04:12]} Qb8 {[%emt 0:14:01]} 14. Qc2 {[%emt 0:04:42]} a5 {[%emt 0:01:25]} 15. Ne1 {[%emt 0:01:52]} Bd7 {[%emt 0:01:13]} 16. f3 {[%emt 0:11:01]} b5 {[%emt 0:03:34]} 17. Nd3 {[%emt 0:05:34]} Qb6 {[%emt 0:08:45]} 18. Kh1 {[%emt 0:05:00]} b4 {[%emt 0:05:46]} 19. Nxc5 {[%emt 0:03:11]} Qxc5 {[%emt 0:00:20]} 20. Nb1 {[%emt 0:00:49]} Qxc2 {[%emt 0:04:53]} 21. Rxc2 {[%emt 0:00:07]} Rec8 {[%emt 0:00:15]} 22. Rdc1 {[%emt 0:00:33]} Rxc2 {[%emt 0:03:36]} 23. Rxc2 {[%emt 0:00:08]} a4 {[%emt 0:00:12]} 24. Rc7 {[%emt 0:03:31]} Be8 {[%emt 0:02:33]} 25. Nd2 {[%emt 0:02:12]} Nd7 {[%emt 0:04:37]} 26. Be3 {[%emt 0:05:56]} Bf8 {[%emt 0:06:42]} 27. Bb5 {[%emt 0:08:25]} Nf6 {[%emt 0:02:09]} 28. Bc6 {[%emt 0:03:39]} Bxc6 {[%emt 0:01:53]} 29. Rxc6 {[%emt 0:00:31]} Be7 {[%emt 0:03:51]} 30. Nc4 {[%emt 0:00:28]} Rd8 {[%emt 0:02:43]} 31. Bd2 {[%emt 0:05:01]} b3 {[%emt 0:02:42]} 32. a3 {[%emt 0:00:27]} Nd7 {[%emt 0:03:05]} 33. Ba5 {[%emt 0:05:30]} Ra8 {[%emt 0:03:01]} 34. Bb4 {[%emt 0:00:21]} Nc5 {[%emt 0:02:36]} 35. Bxc5 {[%emt 0:00:46]} dxc5 {[%emt 0:00:04]} 36. d6 {[%emt 0:01:33]} Rd8 {[%emt 0:00:39]} 37. Kg1 {[%emt 0:02:00]} Bf8 {[%emt 0:00:11]} 38. Kf2 {[%emt 0:00:10]} Kg7 {[%emt 0:01:19]} 39. Ke2 {[%emt 0:04:00]} Kg8 {[%emt 0:00:28]} 40. Rxc5 {[%emt 0:00:00]} Bxd6 {[%emt 0:00:00]} 41. Rd5 {[%emt 0:07:24]} Bc7 {[%emt 0:01:02]} 42. Rxd8+ {[%emt 0:00:47]} Bxd8 {[%emt 0:00:01]} 43. Nxe5 {[%emt 0:00:15]} Bc7 {[%emt 0:02:52]} 44. Nc4 {[%emt 0:02:22]} f5 {[%emt 0:03:24]} 45. exf5 {[%emt 0:01:16]} gxf5 {[%emt 0:00:09]} 46. Kd3 {[%emt 0:00:18]} Kf7 {[%emt 0:00:07]} 47. Kc3 {[%emt 0:00:24]} Ke6 {[%emt 0:00:05]} 48. Kb4 {[%emt 0:11:57]} Kd5 {[%emt 0:00:06]} 49. Nd2 {[%emt 0:00:29]} Bf4 {[%emt 0:01:26]} 50. Nc4 {[%emt 0:00:18]} Kd4 {[%emt 0:03:39]} 1-0

[Event "World Senior chT-65 2019"]
[Site "Rhodes"]
[Date "2019.04.23"]
[Round "8.21"]
[White "Boehnisch, Manfred"]
[Black "Renman, Nils-Gustaf"]
[Result "1/2-1/2"]
[WhiteElo "2287"]
[BlackElo "2358"]
[Annotator "RC"]
[PlyCount "106"]
[EventDate "2019.04.16"]
[EventType "team-tourn"]
[EventCountry "GRE"]
[SourceTitle "playchess.com"]
[Source "ChessBase"]
[SourceQuality "1"]
[WhiteTeam "Germany"]
[BlackTeam "Sweden"]
[WhiteTeamCountry "GER"]
[BlackTeamCountry "SWE"]
[TimeControl "40/5400+30:1800+30"]

1. e4 {[%emt 0:00:21]} e6 {[%emt 0:00:00]} 2. Nf3 {[%emt 0:01:01]} d5 {[%emt 0:00:00]} 3. exd5 {[%emt 0:00:09]} exd5 {[%emt 0:00:00]} 4. d4 {[%emt 0:00:07]} Nf6 {[%emt 0:00:16]} 5. Bd3 {[%emt 0:00:21]} Bd6 {[%emt 0:00:25]} 6. Qe2+ {[%emt 0:00:25]} Qe7 {[%emt 0:04:58]} 7. Qxe7+ {[%emt 0:00:15]} Kxe7 {[%emt 0:00:19]} 8. O-O {[%emt 0:00:34]} Re8 {[%emt 0:03:03]} 9. Bg5 {[%emt 0:03:07]} h6 {[%emt 0:03:51]} 10. Re1+ {[%emt 0:02:12]} Be6 {[%emt 0:00:20]} 11. Bh4 {[%emt 0:01:09]} Nbd7 {[%emt 0:03:32]} 12. Nc3 {[%emt 0:35:00]} c6 {[%emt 0:11:16]} 13. a3 {[%emt 0:00:29]} Kf8 {[%emt 0:00:25]} 14. Ne5 {[%emt 0:03:23]} Nh5 {[%emt 0:04:32]} 15. Bg3 {[%emt 0:07:07]} Nxg3 {[%emt 0:00:23]} 16. hxg3 {[%emt 0:00:07]} Nxe5 {[%emt 0:07:11]} 17. dxe5 {[%emt 0:00:10]} Bc5 {[%emt 0:01:55]} 18. Na4 {[%emt 0:03:57]} Be7 {[%emt 0:00:15]} 19. Nc3 {[%emt 0:00:31]} a5 {[%emt 0:03:31]} 20. f4 {[%emt 0:01:07]} Bd7 {[%emt 0:04:43]} 21. Kf1 {[%emt 0:02:49]} Bc5 {[%emt 0:00:22]} 22. Na4 {[%emt 0:06:28]} Ba7 {[%emt 0:06:27]} 23. b4 {[%emt 0:00:10]} axb4 {[%emt 0:12:25]} 24. axb4 {[%emt 0:00:09]} b5 {[%emt 0:03:40]} 25. Nc5 {[%emt 0:04:23]} Bxc5 {[%emt 0:00:12]} 26. bxc5 {[%emt 0:00:07]} g6 {[%emt 0:07:09]} 27. Kf2 {[%emt 0:02:57]} Ra4 {[%emt 0:01:27]} 28. Rxa4 {[%emt 0:00:16]} bxa4 {[%emt 0:00:02]} 29. Ra1 {[%emt 0:00:23]} Ra8 {[%emt 0:01:17]} 30. Ra3 {[%emt 0:01:11]} d4 {[%emt 0:03:58]} 31. Ke2 {[%emt 0:05:00]} Ra5 {[%emt 0:01:40]} 32. Be4 {[%emt 0:01:52]} Bf5 {[%emt 0:02:34]} 33. Bxf5 {[%emt 0:02:27]} gxf5 {[%emt 0:00:02]} 34. Kd3 {[%emt 0:00:16]} Rxc5 {[%emt 0:00:16]} 35. Kxd4 {[%emt 0:02:50]} Rxc2 {[%emt 0:00:15]} 36. Rxa4 {[%emt 0:00:30]} Rxg2 {[%emt 0:00:30]} 37. Ra3 {[%emt 0:01:30]} Ke7 {[%emt 0:01:33]} 38. Ra7+ {[%emt 0:05:04]} Ke6 {[%emt 0:00:10]} 39. Rc7 {[%emt 0:00:53]} Rc2 {[%emt 0:01:32]} 40. Rc8 {[%emt 0:00:00]} f6 {[%emt 0:00:00]} 41. Re8+ {[%emt 0:02:57]} Kf7 {[%emt 0:02:28]} 42. Rc8 {[%emt 0:02:01]} fxe5+ {[%emt 0:01:56]} 43. Kxe5 {[%emt 0:04:53]} Rc5+ {[%emt 0:00:34]} 44. Kd4 {[%emt 0:00:32]} Rd5+ {[%emt 0:00:31]} 45. Kc4 {[%emt 0:00:14]} Rd6 {[%emt 0:00:09]} 46. Kc5 {[%emt 0:00:56]} Rd3 {[%emt 0:04:27]} 47. Rc7+ {[%emt 0:03:43]} Kg6 {[%emt 0:01:58]} 48. Rxc6+ {[%emt 0:00:17]} Kh5 {[%emt 0:00:08]} 49. Rf6 {[%emt 0:00:18]} Rxg3 {[%emt 0:00:05]} 50. Rxf5+ {[%emt 0:00:23]} Kg4 {[%emt 0:00:49]} 51. Rf6 {[%emt 0:00:38]} h5 {[%emt 0:00:57]} 52. Kd4 {[%emt 0:01:13]} Ra3 {[%emt 0:00:43]} 53. Ke4 {[%emt 0:00:34]} Ra4+ {[%emt 0:02:04] Kd4 [%emt 00:00:15]} 1/2-1/2

[Event "World Senior chT-65 2019"]
[Site "Rhodes"]
[Date "2019.04.23"]
[Round "8.22"]
[White "Uddenfeldt, Dan"]
[Black "Beltz, Robert"]
[Result "1/2-1/2"]
[WhiteElo "2339"]
[BlackElo "2158"]
[Annotator "ChessBase"]
[PlyCount "66"]
[EventDate "2019.04.16"]
[EventType "team-tourn"]
[EventCountry "GRE"]
[SourceTitle "playchess.com"]
[Source "ChessBase"]
[SourceQuality "1"]
[WhiteTeam "Sweden"]
[BlackTeam "Germany"]
[WhiteTeamCountry "SWE"]
[BlackTeamCountry "GER"]
[TimeControl "40/5400+30:1800+30"]

1. d4 {[%emt 0:00:00]} d5 {[%emt 0:00:00]} 2. Nf3 {[%emt 0:00:20]} c6 {[%emt 0:00:25]} 3. Bf4 {[%emt 0:00:33]} Bf5 {[%emt 0:01:46]} 4. e3 {[%emt 0:00:54]} e6 {[%emt 0:00:17]} 5. Bd3 {[%emt 0:03:18]} Bd6 {[%emt 0:00:26]} 6. Bg3 {[%emt 0:02:24]} Nf6 {[%emt 0:02:13]} 7. O-O {[%emt 0:02:20]} Ne4 {[%emt 0:01:41]} 8. c4 {[%emt 0:02:14]} dxc4 {[%emt 0:03:45]} 9. Bxc4 {[%emt 0:00:51]} Nd7 {[%emt 0:00:17]} 10. Nc3 {[%emt 0:01:30]} Ndf6 {[%emt 0:05:44]} 11. Rc1 {[%emt 0:07:28]} h5 {[%emt 0:05:46]} 12. Bxd6 {[%emt 0:01:12]} Qxd6 {[%emt 0:04:02]} 13. Nxe4 {[%emt 0:04:44]} Bxe4 {[%emt 0:02:04]} 14. Nd2 {[%emt 0:04:39]} Ng4 {[%emt 0:04:33]} 15. f4 {[%emt 0:03:49]} Bxg2 {[%emt 0:01:08]} 16. Re1 {[%emt 0:01:18]} Bd5 {[%emt 0:03:26]} 17. Nf3 {[%emt 0:06:33]} O-O-O {[%emt 0:08:59]} 18. Bf1 {[%emt 0:07:47]} Bxf3 {[%emt 0:07:56]} 19. Qxf3 {[%emt 0:00:32]} g5 {[%emt 0:00:05]} 20. h3 {[%emt 0:02:05]} gxf4 {[%emt 0:14:17]} 21. hxg4 {[%emt 0:01:16]} Rdg8 {[%emt 0:00:01]} 22. g5 {[%emt 0:02:43]} Rxg5+ {[%emt 0:00:24]} 23. Bg2 {[%emt 0:00:24]} Rhg8 {[%emt 0:01:55]} 24. Re2 {[%emt 0:05:44]} fxe3 {[%emt 0:02:11]} 25. Qxe3 {[%emt 0:02:20]} Rg4 {[%emt 0:03:52]} 26. Rd2 {[%emt 0:02:37]} R8g5 {[%emt 0:03:47]} 27. Rc5 {[%emt 0:02:46]} Rg3 {[%emt 0:01:56]} 28. Qxg5 {[%emt 0:00:47]} Rxg5 {[%emt 0:01:08]} 29. Rxg5 {[%emt 0:00:03]} Qf4 {[%emt 0:00:41]} 30. Rg8+ {[%emt 0:00:51]} Kc7 {[%emt 0:00:03]} 31. Rd3 {[%emt 0:01:48]} Qc1+ {[%emt 0:01:18]} 32. Kh2 {[%emt 0:00:15]} Qf4+ {[%emt 0:00:50]} 33. Kg1 {[%emt 0:00:10]} Qf5 1/2-1/2

[Event "World Senior chT-65 2019"]
[Site "Rhodes"]
[Date "2019.04.23"]
[Round "8.23"]
[White "Baumbach, Friedrich"]
[Black "Hammar, Bengt"]
[Result "0-1"]
[WhiteElo "2089"]
[BlackElo "2206"]
[Annotator "NA RC"]
[PlyCount "128"]
[EventDate "2019.04.16"]
[EventType "team-tourn"]
[EventCountry "GRE"]
[SourceTitle "playchess.com"]
[Source "ChessBase"]
[SourceQuality "1"]
[WhiteTeam "Germany"]
[BlackTeam "Sweden"]
[WhiteTeamCountry "GER"]
[BlackTeamCountry "SWE"]
[TimeControl "40/5400+30:1800+30"]

1. d4 {[%emt 0:00:00]} g6 {[%emt 0:00:33]} 2. c4 {[%emt 0:00:00]} Bg7 {[%emt 0:00:24]} 3. Nc3 {[%emt 0:00:08]} d6 {[%emt 0:00:29]} 4. e4 {[%emt 0:00:11]} Nd7 {[%emt 0:00:56]} 5. Nf3 {[%emt 0:00:12]} e5 {[%emt 0:00:22]} 6. Be2 {[%emt 0:00:16]} Nh6 {[%emt 0:02:22]} 7. O-O {[%emt 0:05:22]} O-O {[%emt 0:00:33]} 8. h3 {[%emt 0:05:49] A42: Modern Defence: Averbakh Variation} (8. Rb1 c6 9. d5 c5 10. a3 f6 11. b4 b6 12. bxc5 bxc5 13. Qa4 Nb6 14. Qc2 Nf7 15. a4 Nd7 16. Bd2 {1-0 (62) Nenezic,M (2515)-Kadric,D (2554) Skopje 2018}) 8... c6 {[%emt 0:01:11]} 9. Be3 {[%emt 0:00:25]} f6 {[%emt 0:00:18]} 10. b4 $146 {[%emt 0:04:59]} ({Predecessor:} 10. Qd2 Nf7 11. Nh2 f5 12. f4 exf4 13. Bxf4 Nf6 14. exf5 Bxf5 15. Bd3 Bxd3 16. Qxd3 Qd7 17. Nf3 Rae8 18. Rae1 Rxe1 19. Rxe1 {½-½ (33) Pingin,A (2003)-Lopukhin,A (2282) Taganrog 2019}) 10... Nf7 {[%emt 0:01:39]} 11. Qc2 {[%emt 0:08:26]} Qe7 {[%emt 0:08:58]} 12. Rfd1 {[%emt 0:03:26]} Bh6 {[%emt 0:02:29]} 13. Bxh6 {[%emt 0:08:23]} Nxh6 {[%emt 0:00:12]} 14. c5 {[%emt 0:01:28]} dxc5 {[%emt 0:02:36]} 15. dxc5 {[%emt 0:00:00]} Nf7 {[%emt 0:00:46]} 16. Bc4 {[%emt 0:00:47]} Re8 {[%emt 0:00:42]} 17. Rd6 {[%emt 0:16:28]} Kg7 {[%emt 0:01:50]} 18. Re6 {[%emt 0:00:56]} Qf8 {[%emt 0:02:07]} 19. Rd1 {[%emt 0:04:43]} Rxe6 {[%emt 0:00:31]} 20. Bxe6 {[%emt 0:00:05]} Qe7 {[%emt 0:00:11]} 21. Bxf7 {[%emt 0:03:32]} Qxf7 {[%emt 0:02:14]} 22. Qd3 {[%emt 0:06:53]} Nf8 {[%emt 0:08:22]} 23. b5 {[%emt 0:00:00]} Be6 {[%emt 0:08:00]} 24. bxc6 {[%emt 0:00:00]} bxc6 {[%emt 0:00:13]} 25. Qd6 {[%emt 0:01:19]} Rc8 {[%emt 0:01:32]} 26. a3 {[%emt 0:02:10]} (26. Nh2 $11) 26... Qc7 {[%emt 0:01:46]} 27. Ne1 {[%emt 0:07:35]} Bf7 {[%emt 0:03:31]} 28. Nc2 {[%emt 0:03:45]} Bb3 {[%emt 0:02:09]} 29. Rc1 {[%emt 0:01:23]} Ne6 {[%emt 0:05:13]} 30. Nb4 {[%emt 0:03:59]} Nd4 {[%emt 0:03:52]} 31. Qxc7+ {[%emt 0:03:49]} Rxc7 {[%emt 0:00:12]} 32. f3 {[%emt 0:01:35]} Rb7 {[%emt 0:02:10]} 33. Kf2 {[%emt 0:00:42]} a5 {[%emt 0:00:49]} 34. Nd3 {[%emt 0:00:33]} Bc2 {[%emt 0:01:36]} 35. Ke3 {[%emt 0:02:06]} Rb3 {[%emt 0:00:49]} 36. Kd2 {[%emt 0:01:37]} Bxd3 {[%emt 0:00:35]} 37. Kxd3 {[%emt 0:00:02]} Rxa3 {[%emt 0:02:02]} 38. Kc4 {[%emt 0:01:09]} Rb3 {[%emt 0:00:15]} 39. Ra1 {[%emt 0:00:52]} Rb4+ {[%emt 0:01:05]} 40. Kd3 {[%emt 0:00:02]} Rb2 {[%emt 0:00:27]} 41. Ra2 {[%emt 0:34:05]} Rxa2 {[%emt 0:30:29]} 42. Nxa2 {[%emt 0:00:00]} Kh6 {[%emt 0:00:00]} 43. f4 {[%emt 0:00:00]} Ne6 {[%emt 0:00:00]} 44. fxe5 {[%emt 0:00:00]} fxe5 {[%emt 0:00:00]} 45. Kc4 {[%emt 0:00:00]} Nf4 {[%emt 0:00:00]} 46. Nc3 {[%emt 0:00:00]} Nxg2 {[%emt 0:00:00]} 47. Nd5 {[%emt 0:00:00]} cxd5+ {[%emt 0:00:00]} 48. Kxd5 {[%emt 0:00:00]} Ne3+ {[%emt 0:00:00]} 49. Kxe5 {[%emt 0:00:00]} a4 {[%emt 0:00:00]} 50. Kd4 {[%emt 0:00:00]} a3 {[%emt 0:00:00]} 51. Kc3 {[%emt 0:00:00]} Kg5 {[%emt 0:00:00]} 52. c6 {[%emt 0:00:00]} a2 {[%emt 0:00:00]} 53. Kb2 {[%emt 0:00:00]} Kf4 {[%emt 0:00:00] Decoy} 54. Kxa2 {[%emt 0:00:00]} Nc4 {[%emt 0:00:00]} 55. Kb3 {[%emt 0:00:00]} Nd6 {[%emt 0:00:00]} 56. c7 {[%emt 0:00:00]} Kxe4 {[%emt 0:00:00]} 57. Kc3 {[%emt 0:00:00]} g5 {[%emt 0:00:00]} 58. Kd2 {[%emt 0:00:00]} Kf3 {[%emt 0:00:00]} 59. Kd3 {[%emt 0:00:00]} h5 {[%emt 0:00:00]} 60. Kd4 {[%emt 0:00:00]} g4 {[%emt 0:00:00]} 61. hxg4 {[%emt 0:00:00]} hxg4 {[%emt 0:00:00]} 62. Kd5 {[%emt 0:00:00]} Nc8 {[%emt 0:00:00]} 63. Kc6 {[%emt 0:00:07]} g3 {[%emt 0:00:00]} 64. Kd7 {[%emt 0:00:17]} Na7 {[%emt 0:00:00]} 0-1

[Event "World Senior chT-65 2019"]
[Site "Rhodes"]
[Date "2019.04.23"]
[Round "8.24"]
[White "Hedin, Gunnar"]
[Black "Just, Joachim"]
[Result "1/2-1/2"]
[WhiteElo "2195"]
[BlackElo "1970"]
[Annotator "TA"]
[PlyCount "41"]
[EventDate "2019.04.16"]
[EventType "team-tourn"]
[EventCountry "GRE"]
[SourceTitle "playchess.com"]
[Source "ChessBase"]
[SourceQuality "1"]
[WhiteTeam "Sweden"]
[BlackTeam "Germany"]
[WhiteTeamCountry "SWE"]
[BlackTeamCountry "GER"]

{[%evp 17,41,14,31,20,45,39,88,104,89,86,128,76,69,69,69,69,121,101,89,103,100,54,93,64,78,57]} 1. Nf3 Nf6 2. c4 c5 3. g3 Nc6 4. Bg2 g6 5. Nc3 Bg7 6. O-O O-O 7. d4 cxd4 8. Nxd4 a6 9. e3 Rb8 10. b3 {A39: Symmetrical English vs ...g6: 4 Bg2 Bg7 5 Nf3 Nf6 6 0-0 0-0 7 d4} Qa5 11. Bb2 Qh5 12. Qxh5 $146 ({Predecessor:} 12. Re1 Re8 13. Qxh5 Nxh5 14. Rad1 Nf6 15. Rd2 Nxd4 16. exd4 {1-0 (42) Haria,R (2398)-Dotta,G (1916) Montevideo 2017}) 12... Nxh5 13. Nd5 e5 14. Nxc6 (14. Nc2 $142) 14... dxc6 $16 15. Ne7+ Kh8 16. Nxc8 Rbxc8 (16... Rfxc8 $14 17. a4 e4 18. Bxg7+ Nxg7) 17. Rfd1 Rcd8 18. g4 Nf6 19. h3 ({Reject} 19. Bxe5 $6 Nxg4 20. Bd4 Bxd4 $11) 19... Ng8 20. Kf1 f5 21. gxf5 1/2-1/2

[Event "World Senior chT-65 2019"]
[Site "Rhodes"]
[Date "2019.04.23"]
[Round "8.25"]
[White "Rooze, Jan"]
[Black "James, Geoffrey H"]
[Result "1-0"]
[WhiteElo "2261"]
[BlackElo "2144"]
[Annotator "TA"]
[PlyCount "53"]
[EventDate "2019.04.16"]
[EventType "team-tourn"]
[EventCountry "GRE"]
[SourceTitle "playchess.com"]
[Source "ChessBase"]
[SourceQuality "1"]
[WhiteTeam "Belgium"]
[BlackTeam "England"]
[WhiteTeamCountry "BEL"]
[BlackTeamCountry "ENG"]

{[%evp 12,53,34,16,12,14,14,14,44,49,41,18,29,21,57,60,76,76,76,82,111,46,112,106,141,131,197,133,371,354,447,448,660,658,569,282,645,597,621,626,491,560,1722,1706]} 1. e4 e5 2. Nf3 Nc6 3. Bc4 Nf6 4. d3 Bc5 5. O-O d6 6. c3 Bb6 7. a4 h6 {C54: Giuoco Piano: 4 c3 Nf6, main lines with 5 d4 and 5 d3} 8. Nbd2 {[%cal Bb1d2,Bd2f1,Bf1g3][%mdl 32]} O-O 9. Re1 Kh7 $146 {The position is equal.} ({Predecessor:} 9... Re8 10. h3 a6 11. b4 Be6 12. Bxe6 Rxe6 13. Qc2 d5 14. Nb3 dxe4 15. dxe4 Nh5 16. a5 Ba7 17. Be3 Rg6 18. Bxa7 Rxa7 19. g3 Qf6 {½-½ (49) Demchenko,A (2632)-Gagunashvili,M (2588) Subic Bay 2016}) 10. h3 a5 11. Nf1 Be6 12. b3 {[%cal Bb2b3,Bb3c4,Bc4c5][%mdl 32]} Qd7 13. Ng3 Ne7 14. d4 Bxc4 15. bxc4 Qe6 16. Ba3 ({White should play} 16. c5 $16 {Threatens to win with d5.} dxc5 17. Nxe5 (17. dxe5 Rad8 $15)) 16... Rfe8 (16... Ng6 $14) 17. c5 $16 Ba7 18. Rb1 $36 {[%mdl 2048] White is really pushing.} Rab8 (18... dxc5 $16 19. d5 (19. Nxe5 cxd4 20. cxd4 Ng6 $16) (19. dxe5 Nd7 $11) (19. Rxb7 cxd4 20. cxd4 Bb6 $14) 19... Qd6) 19. Rb5 (19. cxd6 $18 cxd6 20. Rb5) 19... exd4 $2 {[#]} (19... dxc5 $16 {keeps fighting.} 20. Bxc5 (20. Nxe5 b6 $16) 20... Bxc5) 20. cxd6 $18 cxd6 21. e5 Nd7 (21... Nfg8 $142 22. exd6 {[%mdl 64] Discovered Attack} Qa2) 22. exd6 Qa2 23. Qd3+ (23. Rxe7 $142 dxc3 24. Kh2 Rxe7 25. dxe7) 23... g6 $2 (23... Ng6) 24. cxd4 {White is clearly winning.} ({Less strong is} 24. dxe7 Qxa3 25. Rxa5 Bb6 $16) 24... Nc6 25. Rxe8 {[%mdl 64] [#] Overworked Piece} Rxe8 26. Rxb7 Qe6 27. d5 {[%mdl 64] Double Attack. Accuracy: White = 62%, Black = 26%.} 1-0

[Event "World Senior chT-65 2019"]
[Site "Rhodes"]
[Date "2019.04.23"]
[Round "8.26"]
[White "Bray, David"]
[Black "Van de Wynkele, Herman"]
[Result "1-0"]
[WhiteElo "2121"]
[BlackElo "2129"]
[Annotator "TA"]
[PlyCount "89"]
[EventDate "2019.04.16"]
[EventType "team-tourn"]
[EventCountry "GRE"]
[SourceTitle "playchess.com"]
[Source "ChessBase"]
[SourceQuality "1"]
[WhiteTeam "England"]
[BlackTeam "Belgium"]
[WhiteTeamCountry "ENG"]
[BlackTeamCountry "BEL"]

{[%evp 9,90,-6,-7,-28,-30,-29,-1,-22,-13,-43,-10,-61,-20,-35,-12,-27,-20,-35,-19,-23,-4,-51,-16,-53,-33,-54,-7,-22,27,-62,92,0,0,-2,97,94,79,0,0,0,0,0,0,0,89,77,200,81,159,150,167,99,174,164,202,167,161,159,264,280,276,212,311,299,750,670,1980,1981,1920,1920,1679,1587,1616,1508,1511,1453,1402,1376,885,1146,29979,11375,2099]} 1. e4 e6 2. d4 d5 3. exd5 exd5 4. Bd3 Bd6 5. Qe2+ (5. Nf3 Ne7 6. O-O O-O 7. Re1 Nbc6 8. c3 Bf5 9. Bg5 Bxd3 10. Qxd3 {½-½ (10) Najer,E (2663)-Dubov,D (2659) Sochi 2015}) 5... Ne7 6. Bg5 {C01: French: Exchange Variation} Nbc6 7. c3 Be6 8. Nd2 {The position is equal.} Qd7 9. Nb3 $146 ({Predecessor:} 9. Ngf3 f6 10. Bh4 O-O-O 11. O-O-O Nf5 12. Nb3 Rhe8 13. Qc2 Nce7 14. Nc5 Bxc5 15. dxc5 Nxh4 16. Nxh4 {0-1 (29) Wright,T (1996)-Ding,R (2124) Stillwater 2009}) 9... b6 10. O-O-O (10. Nf3 $11) 10... f6 11. Bh4 O-O 12. Bg3 Rfe8 13. Qc2 Ng6 14. Nf3 a5 15. Nh4 Nce7 16. Rde1 c5 17. Qe2 Bf4+ 18. Kb1 Bg4 19. f3 ({White should play} 19. Bb5 $1 $11 Qc8 20. f3) 19... Nf5 $2 {[#]} (19... c4 $15 {keeps the upper hand.} 20. fxg4 cxd3 21. Qxd3 Nxh4 22. Bxh4 Qxg4) 20. Qf2 (20. Bb5 $1 $16 Rxe2 21. Bxd7 Nxg3 22. Nxg6 Bxd7 23. Nxf4) 20... Nfxh4 $11 21. fxg4 Bxg3 (21... c4 $11 {keeps the balance.} 22. Bxg6 Nxg6 23. Bxf4 cxb3) 22. hxg3 $16 c4 23. gxh4 (23. Bc2 $16) 23... cxd3 $11 24. h5 Nf8 25. Qf5 a4 26. Nd2 Qc6 (26... a3 $11 {remains equal.}) 27. Qxd3 Rec8 (27... a3 $16) 28. Rc1 (28. h6 $18 {hxg7 is the strong threat.} g6 29. g5) 28... b5 (28... a3 $142) 29. h6 $16 g6 30. Rhe1 (30. g5 $18) 30... Re8 (30... a3 $16) 31. Qf3 Rac8 32. Rf1 Re6 33. Rce1 {And now Rxe6 would win.} Rxe1+ (33... Nd7 $16 34. g5 Rf8 35. gxf6 Nxf6 36. Rxe6 Qxe6) 34. Rxe1 $18 b4 {[%cal Rb4c3]} 35. Rc1 Ne6 (35... Rc7 $142 36. c4 dxc4) 36. Qxf6 {[#] Threatens to win with Re1.} a3 $2 (36... Rf8 37. Qe7 Re8 38. Qxb4 Nf4) 37. c4 axb2 38. Re1 Rf8 39. Qxe6+ Qxe6 40. Rxe6 {[%mdl 4096] Endgame KRN-KR} Rf2 41. c5 Kf7 42. Rd6 Rxd2 43. Rxd5 Ke6 44. c6 b3 45. Rc5 {Played: a2xb3} 1-0